[Event "Kort Pske 1. forlb Gruppe 1"]
[Site "Svendborg"]
[Date "2018.03.25"]
[Round "3"]
[White "Jansen, Niels-Peter Mangor"]
[Black "Christensen, Anders"]
[Result "1/2-1/2"]
[WhiteElo "1741"]
[BlackElo "1937"]
[PlyCount "67"]
[EventDate "2018.03.24"]
[EventType "swiss"]
[EventRounds "5"]
[EventCountry "DEN"]

1. f4 Nf6 2. Nf3 g6 3. e3 Bg7 4. g3 O-O 5. Bg2 c5 6. O-O Nc6 7. Nc3 d5 8. Ne5
Be6 9. Nxc6 bxc6 10. d3 Bg4 11. Bf3 Bh3 12. Bg2 Bxg2 13. Kxg2 Re8 14. Na4 Nd7
15. c3 e5 16. f5 e4 17. d4 cxd4 18. cxd4 gxf5 19. Rxf5 Re6 20. Bd2 Rf6 21. Rxf6
Qxf6 22. Qe2 Qg6 23. Rc1 Nb6 24. Nxb6 axb6 25. a3 c5 26. Bc3 cxd4 27. Bxd4 Bxd4
28. exd4 Ra4 29. Rc8+ Kg7 30. Qb5 Rxd4 31. Qe8 Rd2+ 32. Kg1 Rd1+ 33. Kg2 Rd2+
34. Kg1 1/2-1/2

[Event "Kort Pske 1. forlb Gruppe 1"]
[Site "Svendborg"]
[Date "2018.03.25"]
[Round "3"]
[White "Hansen, Jorgen Frank"]
[Black "Nielsen, Jorgen Holmstrom"]
[Result "0-1"]
[WhiteElo "1775"]
[BlackElo "1778"]
[PlyCount "114"]
[EventDate "2018.03.24"]
[EventType "swiss"]
[EventRounds "5"]
[EventCountry "DEN"]

1. e4 Nf6 2. Nc3 d5 3. exd5 Nxd5 4. Bc4 c6 5. Qf3 e6 6. d4 Nb4 7. Bb3 Qxd4 8.
Be3 Qf6 9. Qxf6 gxf6 10. Ne4 Nd7 11. O-O-O Nd5 12. Bd2 f5 13. Nc3 Nc5 14. Bxd5
cxd5 15. Nb5 Kd7 16. Nf3 f6 17. Be3 a6 18. Nbd4 Kc7 19. Ne2 Bd7 20. Bd4 Bh6+
21. Be3 Bxe3+ 22. fxe3 Rhg8 23. g3 Ne4 24. Rhf1 Rad8 25. Nd2 Bb5 26. Rde1 Nxd2
27. Kxd2 d4 28. exd4 Bxe2 29. Rxe2 Rxd4+ 30. Kc1 Rd6 31. Rfe1 e5 32. Rf2 Rg5
33. Ref1 Rh5 34. h4 f4 35. gxf4 Rxh4 36. fxe5 fxe5 37. Re2 Rh5 38. Rfe1 Re6 39.
Re4 Rg5 40. c4 h5 41. b4 Rg4 42. Rxg4 hxg4 43. Re4 Rg6 44. Rxe5 g3 45. Re1 Rg4
46. a3 Rxc4+ 47. Kd2 Rg4 48. Rg1 Kb6 49. Rg2 Kb5 50. Kc3 Kc6 51. Kd3 Kd5 52.
Kd2 Kd4 53. a4 Kc4 54. b5 a5 55. Kc2 Kb4 56. b6 Kxa4 57. Kb2 Kb5 0-1

[Event "Kort Pske 1. forlb Gruppe 1"]
[Site "Svendborg"]
[Date "2018.03.25"]
[Round "3"]
[White "Jepsen, Ruben"]
[Black "Vedso, Michael"]
[Result "1-0"]
[WhiteElo "1599"]
[BlackElo "1672"]
[PlyCount "103"]
[EventDate "2018.03.24"]
[EventType "swiss"]
[EventRounds "5"]
[EventCountry "DEN"]

1. Nf3 d5 2. g3 Nf6 3. Bg2 c5 4. O-O e6 5. d3 Nc6 6. Nbd2 Be7 7. e4 dxe4 8.
dxe4 O-O 9. c3 Qc7 10. Qe2 e5 11. Re1 a6 12. Nf1 b5 13. h4 Bg4 14. N1h2 Be6 15.
Ng5 Bc4 16. Qf3 h6 17. Nh3 Rad8 18. Ng4 Nxg4 19. Qxg4 Be6 20. Qh5 Qd7 21. Bf3
Bxh3 22. g4 Qd3 23. Be3 Qd7 24. Qf5 Qxf5 25. exf5 c4 26. Kh2 Bxg4 27. Bxg4 Bxh4
28. Rad1 Bg5 29. Bxg5 hxg5 30. Bf3 Rxd1 31. Rxd1 Rd8 32. Rxd8+ Nxd8 33. Bd5 Kf8
34. Kg3 Ke7 35. Kf3 Kd6 36. Ke4 f6 37. b3 cxb3 38. axb3 Nc6 39. b4 Kc7 40. Kd3
Kb6 41. Ke4 Ne7 42. c4 bxc4 43. Bxc4 a5 44. bxa5+ Kxa5 45. Be6 Kb4 46. Kd3 Kc5
47. Ke4 Nc6 48. Kd3 Nd4 49. Ke4 Nxe6 50. fxe6 Kd6 51. Kf5 g6+ 52. Kxf6 1-0

[Event "Kort Pske 1. forlb Gruppe 1"]
[Site "Svendborg"]
[Date "2018.03.26"]
[Round "4"]
[White "Couture, Jonathan"]
[Black "Hansen, Alex Mehr"]
[Result "1-0"]
[WhiteElo "1928"]
[BlackElo "1912"]
[PlyCount "147"]
[EventDate "2018.03.24"]
[EventType "swiss"]
[EventRounds "5"]
[EventCountry "DEN"]

1. e4 c6 2. d4 d5 3. f3 e6 4. Nc3 b6 5. Nge2 Ba6 6. Bf4 Be7 7. Qd2 Nf6 8. O-O-O
Nbd7 9. Ng3 Bxf1 10. Rhxf1 h5 11. exd5 Nxd5 12. Nxd5 cxd5 13. Rfe1 Qc8 14. Nf5
Bf8 15. Re2 Qc6 16. Rde1 O-O-O 17. Nxg7 Bxg7 18. Re3 Nc5 19. dxc5 Qxc5 20. Ra3
Rd7 21. Ree3 d4 22. b4 Qb5 23. Qe2 Qxb4 24. Red3 Rhd8 25. Qe4 e5 26. Qa8+ Kc7
27. Rxa7+ Kd6 28. Rxd7+ Rxd7 29. Bd2 Qc4 30. Qb8+ Qc7 31. Qg8 f6 32. Qb3 Ke7
33. Bb4+ Rd6 34. Qg8 Bf8 35. Ra3 Qb8 36. Qd5 Kd7 37. Bxd6 Bxd6 38. Ra8 Qc7 39.
Qf7+ Be7 40. Qe8+ Kd6 41. Rc8 Qb7 42. Ra8 e4 43. fxe4 Qxe4 44. Rd8+ Kc5 45. Kb2
f5 46. Rc8+ Kd6 47. Qb5 Qxg2 48. Qxb6+ Ke5 49. Qc7+ Kf6 50. Qb6+ Kg7 51. Rc7
Qe4 52. Rxe7+ Qxe7 53. Qxd4+ Kg6 54. a3 Qb7+ 55. Qb4 Qg7+ 56. c3 Qe5 57. Qb6+
Kg5 58. Qd8+ Kg4 59. Qd1+ Kg5 60. Qg1+ Kh6 61. Qf2 Qb5+ 62. Kc1 Qd3 63. Qd2+
Qxd2+ 64. Kxd2 Kg5 65. a4 f4 66. a5 Kg4 67. a6 Kh3 68. a7 h4 69. Ke2 Kxh2 70.
a8=Q f3+ 71. Kxf3 h3 72. Qh8 Kg1 73. c4 h2 74. Qa1# 1-0

[Event "Kort Pske 1. forlb Gruppe 1"]
[Site "Svendborg"]
[Date "2018.03.26"]
[Round "4"]
[White "Nielsen, Aage Sondergaard"]
[Black "Jansen, Niels-Peter Mangor"]
[Result "1-0"]
[WhiteElo "1881"]
[BlackElo "1741"]
[PlyCount "47"]
[EventDate "2018.03.24"]
[EventType "swiss"]
[EventRounds "5"]
[EventCountry "DEN"]

1. f4 d5 2. Nf3 g6 3. g3 Bg7 4. Bg2 Nf6 5. O-O O-O 6. d3 c6 7. Nc3 Nbd7 8. e4
dxe4 9. dxe4 e6 10. Kh1 Qc7 11. Qe2 b6 12. e5 Nd5 13. Ne4 a5 14. Rd1 f6 15. c4
Ne7 16. Nd4 Nc5 17. exf6 Nxe4 18. fxg7 Nxg3+ 19. hxg3 Rf6 20. b3 Kxg7 21. Bb2
Kf8 22. Nb5 cxb5 23. Bxf6 Nf5 24. Qe5 1-0

[Event "Kort Pske 1. forlb Gruppe 1"]
[Site "Svendborg"]
[Date "2018.03.26"]
[Round "4"]
[White "Balslev, Uffe"]
[Black "Hansen, Jorgen Frank"]
[Result "1-0"]
[WhiteElo "1862"]
[BlackElo "1775"]
[PlyCount "67"]
[EventDate "2018.03.24"]
[EventType "swiss"]
[EventRounds "5"]
[EventCountry "DEN"]

1. e4 c5 2. Nf3 d6 3. d4 cxd4 4. Nxd4 Nf6 5. Nc3 g6 6. Be2 Bg7 7. Be3 Nc6 8.
O-O O-O 9. h3 Bd7 10. f4 Nxd4 11. Bxd4 Ne8 12. f5 Bc6 13. Bc4 Nf6 14. Kh1 a6
15. a3 b5 16. Ba2 Nd7 17. Bxg7 Kxg7 18. Nd5 Bxd5 19. Qxd5 Nf6 20. Qd4 Rb8 21.
g4 g5 22. h4 h6 23. hxg5 hxg5 24. Kg2 Qb6 25. Qd2 Nxe4 26. Qd5 Nf6 27. Qd2 Qc6+
28. Rf3 Nh7 29. Rh1 f6 30. Bd5 Qc7 31. Rfh3 Rh8 32. Rh6 Rbc8 33. Rg6+ Kf8 34.
Rxh7 1-0

[Event "Kort Pske 1. forlb Gruppe 1"]
[Site "Svendborg"]
[Date "2018.03.26"]
[Round "4"]
[White "Christensen, Anders"]
[Black "Jepsen, Ruben"]
[Result "1-0"]
[WhiteElo "1937"]
[BlackElo "1599"]
[PlyCount "87"]
[EventDate "2018.03.24"]
[EventType "swiss"]
[EventRounds "5"]
[EventCountry "DEN"]

1. e4 d5 2. exd5 Nf6 3. d4 Bg4 4. f3 Bf5 5. Bb5+ c6 6. dxc6 bxc6 7. Ba4 e6 8.
Ne2 Be7 9. Nbc3 O-O 10. Be3 Nd5 11. Nxd5 cxd5 12. O-O Qb6 13. Bb3 Nc6 14. g4
Bg6 15. Qd2 Na5 16. Nf4 Nxb3 17. axb3 Bg5 18. Nxg6 Bxe3+ 19. Qxe3 fxg6 20. f4
Rac8 21. Rf2 Rf7 22. Kg2 Rcf8 23. Raf1 Qc7 24. Qxe6 Qd7 25. Qxd7 Rxd7 26. Re1
Rf6 27. Re5 h6 28. h4 Kf7 29. Kg3 Re6 30. Rd2 Rxe5 31. dxe5 Ke6 32. c4 a6 33.
Kf3 g5 34. hxg5 hxg5 35. b4 gxf4 36. Rxd5 Rxd5 37. cxd5+ Kxe5 38. d6 Kxd6 39.
Kxf4 Ke6 40. Kg5 Kf7 41. Kf5 g6+ 42. Ke5 Ke7 43. g5 Kf7 44. Kd6 1-0

[Event "Kort Pske 1. forlb Gruppe 1"]
[Site "Svendborg"]
[Date "2018.03.26"]
[Round "4"]
[White "Olsen, Birger"]
[Black "Ehrenreich, Simon"]
[Result "1/2-1/2"]
[WhiteElo "1898"]
[BlackElo "1758"]
[PlyCount "53"]
[EventDate "2018.03.24"]
[EventType "swiss"]
[EventRounds "5"]
[EventCountry "DEN"]

1. b3 d5 2. e3 c6 3. Bb2 Bf5 4. f4 e6 5. Nf3 Nf6 6. Be2 h6 7. O-O c5 8. Na3 Nc6
9. Bb5 Rc8 10. c4 a6 11. Bxc6+ Rxc6 12. Ne5 Rc8 13. Nc2 d4 14. exd4 cxd4 15.
Kh1 Bc5 16. d3 a5 17. Qf3 Rb8 18. Na3 Nd7 19. Nb5 O-O 20. Ba3 Bxa3 21. Nxa3
Nxe5 22. fxe5 Qc7 23. Rae1 Qc5 24. Nb5 Bg6 25. Nd6 b6 26. Nb5 Rfd8 27. h3
1/2-1/2

[Event "Kort Pske 1. forlb Gruppe 1"]
[Site "Svendborg"]
[Date "2018.03.26"]
[Round "4"]
[White "Velarde, Andrew"]
[Black "Vedso, Michael"]
[Result "1-0"]
[WhiteElo "1757"]
[BlackElo "1672"]
[PlyCount "71"]
[EventDate "2018.03.24"]
[EventType "swiss"]
[EventRounds "5"]
[EventCountry "DEN"]

1. e4 c6 2. d4 d5 3. exd5 cxd5 4. Bd3 Nf6 5. Bg5 e6 6. Nf3 Be7 7. c3 Nc6 8. Qc2
h6 9. Bh4 Bd7 10. Nbd2 Rc8 11. a3 Qb6 12. O-O O-O 13. Ne5 g5 14. Bg3 Nxd4 15.
Nxd7 Nxd7 16. Bh7+ Kg7 17. Qd3 Ne2+ 18. Qxe2 Kxh7 19. Nf3 f6 20. Rad1 Nc5 21.
Nd4 Ne4 22. Rfe1 Bc5 23. Kf1 Bxd4 24. Rxd4 Rce8 25. Qc2 Kg7 26. f3 Nxg3+ 27.
hxg3 Qb5+ 28. Re2 Qc5 29. Qd3 Re7 30. b4 Qc7 31. c4 dxc4 32. Rxc4 Qxg3 33. Rxe6
Rfe8 34. Rce4 Qc7 35. Rc4 Qxc4 36. Rxe7+ 1-0

[Event "Kort Pske 1. forlb Gruppe 1"]
[Site "Svendborg"]
[Date "2018.03.26"]
[Round "4"]
[White "Jensen Lynch, Jonathan"]
[Black "Hansen, Henrik Damgaard"]
[Result "0-1"]
[WhiteElo "1668"]
[BlackElo "1744"]
[PlyCount "94"]
[EventDate "2018.03.24"]
[EventType "swiss"]
[EventRounds "5"]
[EventCountry "DEN"]

1. d4 Nf6 2. Bf4 d5 3. e3 e6 4. Nf3 c5 5. c3 Nc6 6. Nbd2 Bd6 7. Bg3 O-O 8. Bd3
b6 9. Ne5 Bb7 10. Qf3 c4 11. Bc2 Qc7 12. Nxc6 Bxc6 13. Bh4 Be7 14. Qh3 g6 15.
Qf3 Kg7 16. g4 Ne8 17. Bxe7 Qxe7 18. Nxc4 Bb7 19. Nd2 f5 20. gxf5 exf5 21.
O-O-O Rc8 22. Nb1 Rc7 23. Rdg1 Kh8 24. h4 Nf6 25. Rg5 Bc8 26. Qg2 Ng4 27. Nd2
Rc6 28. Qxd5 Rd6 29. Qg2 h6 30. Bb3 Bb7 31. Nf3 Kg7 32. Rxg4 fxg4 33. Qxg4 Bxf3
34. Qg3 Bxh1 35. h5 Bf3 36. d5 Bxh5 37. f4 g5 38. c4 Kh8 39. e4 gxf4 40. Qc3+
Qg7 41. e5 Rg6 42. Qd4 f3 43. d6 f2 44. d7 f1=Q+ 45. Kc2 Rg2+ 46. Kc3 Qe1+ 47.
Kd3 Qg6+ 0-1

[Event "Kort Pske 1. forlb Gruppe 1"]
[Site "Svendborg"]
[Date "2018.03.26"]
[Round "5"]
[White "Nielsen, Aage Sondergaard"]
[Black "Christensen, Soren Dalgaard"]
[Result "0-1"]
[WhiteElo "1881"]
[BlackElo "1893"]
[PlyCount "70"]
[EventDate "2018.03.24"]
[EventType "swiss"]
[EventRounds "5"]
[EventCountry "DEN"]

1. f4 d5 2. Nf3 Bf5 3. g3 e6 4. Bg2 Be7 5. O-O h5 6. h3 c6 7. d3 Nd7 8. Nc3
Qb6+ 9. Kh2 Ngf6 10. Nh4 O-O-O 11. e4 dxe4 12. dxe4 Bh7 13. Qe2 e5 14. Nf5 Bxf5
15. exf5 Bd6 16. Ne4 Bb8 17. Be3 Qc7 18. Nxf6 gxf6 19. Qf2 exf4 20. gxf4 Qa5
21. h4 Rhg8 22. Bh3 Nb6 23. c3 Nd5 24. Bd2 Qa4 25. b3 Qa3 26. c4 Nb4 27. Be3
Nd3 28. Qf3 Rde8 29. Bd2 Rd8 30. Kh1 Ne5 31. Qf2 Ng4 32. Bxg4 Rxg4 33. Bc1 Qa5
34. Be3 Qxf5 35. Qh2 Qe4+ 0-1

[Event "Kort Pske 1. forlb Gruppe 1"]
[Site "Svendborg"]
[Date "2018.03.26"]
[Round "5"]
[White "Poulsen, Peter Risgaard"]
[Black "Couture, Jonathan"]
[Result "1-0"]
[WhiteElo "1934"]
[BlackElo "1928"]
[PlyCount "67"]
[EventDate "2018.03.24"]
[EventType "swiss"]
[EventRounds "5"]
[EventCountry "DEN"]

1. d4 g6 2. Bf4 Bg7 3. Nc3 d6 4. e4 Nd7 5. Nf3 e5 6. dxe5 dxe5 7. Bg3 Ngf6 8.
Nxe5 Nxe4 9. Nxe4 Nxe5 10. Qxd8+ Kxd8 11. O-O-O+ Ke7 12. Nc3 Be6 13. Nd5+ Bxd5
14. Rxd5 Ke6 15. Rb5 b6 16. f4 c6 17. Rb3 Ng4 18. Bc4+ Kf5 19. Re1 g5 20. Bxf7
Nh6 21. Be6+ Kg6 22. fxg5 Kxg5 23. Bd6 Nf5 24. Bxf5 Kxf5 25. Rf3+ Kg5 26. Rg3+
Kf5 27. Rxg7 Rhe8 28. Rf1+ Ke6 29. Bg3 c5 30. Rxh7 Kd5 31. Rd7+ Kc6 32. Rfd1
Re2 33. a4 c4 34. Rc7# 1-0

[Event "Kort Pske 1. forlb Gruppe 1"]
[Site "Svendborg"]
[Date "2018.03.26"]
[Round "5"]
[White "Hansen, Alex Mehr"]
[Black "Hamann, Brian Michael"]
[Result "1/2-1/2"]
[WhiteElo "1912"]
[BlackElo "1865"]
[PlyCount "93"]
[EventDate "2018.03.24"]
[EventType "swiss"]
[EventRounds "5"]
[EventCountry "DEN"]

1. e4 d5 2. exd5 Nf6 3. Bb5+ Nbd7 4. c4 a6 5. Ba4 b5 6. cxb5 axb5 7. Bxb5 Nxd5
8. Bc6 Ra5 9. Qb3 e6 10. d4 Bb4+ 11. Nc3 Qf6 12. Nge2 O-O 13. O-O Nxc3 14. bxc3
Bd6 15. g3 Ba6 16. Qc2 Nb6 17. Be3 Nc4 18. a4 Rb8 19. Rab1 Rd8 20. Bc1 e5 21.
Qe4 Qe7 22. d5 Nb6 23. Re1 Bc5 24. Rxb6 Bxb6 25. c4 f5 26. Qh4 Qxh4 27. gxh4
Bxc4 28. Bd2 Rc5 29. Bb4 Rxc6 30. dxc6 Bxe2 31. Rxe2 Rd4 32. Bc3 Rg4+ 33. Kf1
Rxa4 34. Rxe5 Rf4 35. Re2 Rc4 36. Be5 Rxc6 37. Rd2 Kf7 38. f4 Rc1+ 39. Kg2 Rg1+
40. Kf3 Ke7 41. h5 g6 42. hxg6 hxg6 43. h4 Rc1 44. h5 gxh5 45. Rh2 Rb1 46. Rxh5
Rb3+ 47. Kg2 1/2-1/2

[Event "Kort Pske 1. forlb Gruppe 1"]
[Site "Svendborg"]
[Date "2018.03.26"]
[Round "5"]
[White "Ehrenreich, Simon"]
[Black "Balslev, Uffe"]
[Result "1-0"]
[WhiteElo "1758"]
[BlackElo "1862"]
[PlyCount "105"]
[EventDate "2018.03.24"]
[EventType "swiss"]
[EventRounds "5"]
[EventCountry "DEN"]

1. d4 Nf6 2. c4 g6 3. Nc3 Bg7 4. e4 d6 5. Nf3 O-O 6. Bf4 Nh5 7. Be3 e5 8. d5 f5
9. exf5 Bxf5 10. Nd2 Nf6 11. Bg5 Qe8 12. Bxf6 Bxf6 13. Nde4 Nd7 14. Bd3 Qf7 15.
O-O b6 16. Qe2 Nc5 17. Nxc5 bxc5 18. Be4 Rab8 19. Rab1 a6 20. Qc2 Rb4 21. b3
Bg7 22. Qb2 Bxe4 23. Nxe4 Qf4 24. Qe2 a5 25. Nc3 Rfb8 26. Nb5 a4 27. Nxc7 R8b7
28. Nb5 Bf8 29. Rfc1 axb3 30. axb3 Rxb3 31. Ra1 Rb4 32. Qa2 Rf7 33. g3 Qe4 34.
Rc3 Kg7 35. Rac1 h5 36. R3c2 h4 37. Re2 Qg4 38. Qc2 h3 39. Qe4 Rf4 40. Qd3
Rfxc4 41. Rxc4 Rxc4 42. Re1 Rb4 43. Nc7 c4 44. Ne6+ Kg8 45. Qf1 Rb2 46. Ra1 Bh6
47. Ra8+ Kf7 48. Ra7+ Kf6 49. Nd8 Qe4 50. Rf7+ Kg5 51. Ne6+ Kg4 52. f3+ Qxf3
53. Qxf3# 1-0

[Event "Kort Pske 1. forlb Gruppe 1"]
[Site "Svendborg"]
[Date "2018.03.26"]
[Round "5"]
[White "Hansen, Henrik Damgaard"]
[Black "Jepsen, Ruben"]
[Result "1-0"]
[WhiteElo "1744"]
[BlackElo "1599"]
[PlyCount "61"]
[EventDate "2018.03.24"]
[EventType "swiss"]
[EventRounds "5"]
[EventCountry "DEN"]

1. d4 Nf6 2. c4 c5 3. d5 b5 4. cxb5 a6 5. bxa6 Bxa6 6. Nc3 g6 7. e4 Bxf1 8.
Kxf1 d6 9. g4 Bg7 10. Kg2 O-O 11. h3 e6 12. dxe6 fxe6 13. Nf3 Nc6 14. Qe2 Nd4
15. Nxd4 cxd4 16. Nb1 d5 17. f3 dxe4 18. fxe4 e5 19. Qd3 Ne8 20. Rf1 Rxf1 21.
Kxf1 Nd6 22. Nd2 Rc8 23. Nf3 Nb7 24. Qb3+ Kh8 25. Qxb7 Qf8 26. Qb3 Rd8 27. Qd3
Rd7 28. Bd2 Rf7 29. Kg2 h5 30. Rf1 hxg4 31. hxg4 1-0

[Event "Kort Pske 1. forlb Gruppe 1"]
[Site "Svendborg"]
[Date "2018.03.26"]
[Round "5"]
[White "Nielsen, Jorgen Holmstrom"]
[Black "Christensen, Anders"]
[Result "0-1"]
[WhiteElo "1778"]
[BlackElo "1937"]
[PlyCount "80"]
[EventDate "2018.03.24"]
[EventType "swiss"]
[EventRounds "5"]
[EventCountry "DEN"]

1. Nc3 d5 2. e4 e6 3. Nf3 Nf6 4. e5 Nfd7 5. Ne2 c5 6. Ng3 Nc6 7. Bb5 Qc7 8. Qe2
a6 9. Bxc6 Qxc6 10. O-O b6 11. d3 Bb7 12. d4 cxd4 13. Nxd4 Qc7 14. f4 Bc5 15.
Be3 O-O-O 16. c3 Kb8 17. b4 Bxd4 18. Bxd4 g6 19. Rfc1 Rc8 20. a4 h5 21. a5 b5
22. Qe3 h4 23. Ne2 Rcg8 24. Bc5 Nxc5 25. bxc5 Rc8 26. Rd1 Qxc5 27. Qxc5 Rxc5
28. Rd3 Rh5 29. Nd4 Rc7 30. Rh3 Rc4 31. Ne2 Bc6 32. Kf2 g5 33. fxg5 Rxg5 34.
Nd4 Rxe5 35. Rd1 Re4 36. Rdd3 Bb7 37. Nf3 Ra4 38. Ng5 Rf4+ 39. Ke3 f6 40. Rd4
fxg5 0-1

[Event "Kort Pske 1. forlb Gruppe 1"]
[Site "Svendborg"]
[Date "2018.03.26"]
[Round "5"]
[White "Jansen, Niels-Peter Mangor"]
[Black "Jorgensen, Ole Eik"]
[Result "1/2-1/2"]
[WhiteElo "1741"]
[BlackElo "1909"]
[PlyCount "41"]
[EventDate "2018.03.24"]
[EventType "swiss"]
[EventRounds "5"]
[EventCountry "DEN"]

1. e4 g6 2. Nf3 Bg7 3. d4 d6 4. h3 Nf6 5. Nc3 O-O 6. Bd3 c6 7. O-O Nbd7 8. Bf4
Re8 9. e5 dxe5 10. dxe5 Nd5 11. Nxd5 cxd5 12. c3 Nc5 13. Bc2 Ne6 14. Bh2 b5 15.
Re1 Bb7 16. Nd4 Qb6 17. Nxe6 Qxe6 18. Qd4 Qc6 19. Bb3 a6 20. Rad1 e6 21. a3
1/2-1/2

[Event "Kort Pske 1. forlb Gruppe 1"]
[Site "Svendborg"]
[Date "2018.03.26"]
[Round "5"]
[White "Vedso, Michael"]
[Black "Jensen Lynch, Jonathan"]
[Result "1/2-1/2"]
[WhiteElo "1672"]
[BlackElo "1668"]
[PlyCount "147"]
[EventDate "2018.03.24"]
[EventType "swiss"]
[EventRounds "5"]
[EventCountry "DEN"]

1. e4 g6 2. f4 Bg7 3. Nf3 d6 4. Bc4 e6 5. Nc3 a6 6. a4 b6 7. O-O Bb7 8. d3 Ne7
9. Qe1 d5 10. exd5 exd5 11. Bb3 c5 12. Qh4 f6 13. Re1 d4 14. Ne4 Bxe4 15. Rxe4
Nbc6 16. Bd2 Kd7 17. Rae1 Kc7 18. Re6 Nf5 19. Qf2 h5 20. Qe2 Qd7 21. Qe4 Ne3
22. Bxe3 f5 23. Qd5 dxe3 24. c3 Rad8 25. Qxd7+ Rxd7 26. R1xe3 b5 27. axb5 axb5
28. Rxg6 Ra8 29. Bd5 Ra1+ 30. Kf2 Na5 31. Be6 Re7 32. Bxf5 Bf8 33. Rxe7+ Bxe7
34. Re6 Bd6 35. g3 Ra2 36. Re2 c4 37. d4 Nb3 38. Bg6 Nc1 39. Rc2 Nb3 40. Bxh5
Ba3 41. Ng5 Bxb2 42. Ne4 Nxd4 43. Rd2 Nb3 44. Re2 Nc1 45. f5 Nxe2 46. Bxe2 b4
47. Bxc4 bxc3 48. Nxc3 Ra5 49. Nd5+ Kd6 50. Ne3 Bd4 51. Be6 Ra3 52. Kf3 Rxe3+
53. Kg4 Re2 54. h4 Ke5 55. Kh5 Kf6 56. g4 Re4 57. Bd7 Bf2 58. Be6 Bg3 59. Bd7
Kg7 60. Kg5 Bf4+ 61. Kh5 Re7 62. Be6 Kf6 63. g5+ Ke5 64. Kg6 Ra7 65. Bf7 Bg3
66. h5 Bh4 67. h6 Bxg5 68. Kxg5 Rxf7 69. Kg6 Rf6+ 70. Kg7 Kxf5 71. h7 Rg6+ 72.
Kf8 Rh6 73. Kg7 Rxh7+ 74. Kxh7 1/2-1/2